Geography by Region-Baltic Nations - Statistics

General Stats
  • This quiz has been taken 15 times
  • The average score is 5 of 15
Answer Stats
Type of Geography Location Answer % Correct
Gulf Latvia,Estonia Riga
92%
Lake Estonia Peipus
69%
Island Estonia Saaremaa
69%
Island Estonia Hiiumaa
62%
River Latvia Daugava
54%
Gulf Estonia Finland
46%
Island Estonia Kihnu
15%
Island Estonia Muhu
15%
Island Estonia Vormsi
15%
Lagoon Lithuania Curonian
8%
River Lithuania Neman
8%
Lake Estonia Vortsjarv
8%
River Estonia Narva
0%
River Lithuania Neris
0%
Island Latvia Zakusala
0%
No matching quizzes found
Score Distribution
Percent of People with Each Score
Percentile by Number Answered
Your Score History
You have not taken this quiz